[Event "Mencik mem"]
[Site "Ceske Budejovice"]
[Date "1994.??.??"]
[Round "9"]
[White "Kubikova, Hana"]
[Black "Saljova, Silvie"]
[Result "1-0"]
[WhiteElo "2155"]
[BlackElo "2250"]

1.d4 Nf6 2.Nf3 e6 3.c4 c5 4.d5 exd5 5.cxd5 d6 6.Nc3 g6 7.e4 Bg7 8.h3 O-O
9.Bd3 a6 10.a4 b6 11.O-O Ne8 12.Re1 f5 13.Bg5 Bf6 14.Qd2 Bxg5 15.Qxg5 Qxg5
16.Nxg5 Ng7 17.e5 dxe5 18.Rxe5 h6 19.Nf3 Nd7 20.Re7 Re8 21.Rae1 Rxe7 22.Rxe7 Kf8
23.d6 Ne8 24.Nh4 Nxd6 25.Nxg6+ Kg8 26.Re6 Nb7 27.Bxf5 Nf8 28.Rxb6 Bxf5 29.Ne7+ Kf7
30.Nxf5  1-0

[Event "CZE-ch"]
[Site "?"]
[Date "1994.??.??"]
[Round "6"]
[White "Kozak, Milos"]
[Black "Haba, Petr"]
[Result "1/2-1/2"]
[WhiteElo "2270"]
[BlackElo "2475"]

1.d4 Nf6 2.Nf3 e6 3.c4 c5 4.d5 exd5 5.cxd5 d6 6.Nc3 g6 7.e4 Bg7 8.Bg5 h6
9.Bh4 a6 10.Nd2 O-O 11.a4 Nbd7 12.Be2 Qe7 13.f4 g5 14.fxg5 Nh7 15.O-O hxg5
16.Bg3 Ne5 17.Bxe5 Bxe5 18.Bg4 b5 19.axb5 Bxg4 20.Qxg4 axb5 21.Rxa8 Rxa8
22.Nxb5 Qb7 23.Na3 Qxb2 24.Nac4 Qd4+ 25.Kh1 Ra1 26.Qf3 Nf6 27.Nxe5 Qxe5 28.Kg1 Qd4+
29.Qf2 Qxf2+ 30.Kxf2 Ra2 31.Ke1 Kg7 32.h3 Ra4 33.e5 Ra1+ 34.Ke2 Rxf1 35.Nxf1 dxe5
36.Ne3 Ne4 37.Nf5+ Kf6 38.g4 Nc3+ 39.Kd3 Nxd5 40.Kc4 Nf4 41.Kxc5 Nxh3 42.Kd6 Nf2
43.Ne3 Ne4+ 44.Kd5 Nc3+ 45.Kc4 Ne2 46.Kd5 Nc3+ 47.Kc4 Ne2 48.Kd5 Ng3 49.Kd6 Ne4+
50.Kd5 Nf2 51.Kd6 Nd3 52.Kd5 Nf4+ 53.Kd6 Nd3 54.Kd5 Nf4+ 55.Kd6 Ng6 56.Nf5 Nh4
57.Ne3 Ng6 58.Nf5 Nh4 59.Ne3 Nf3 60.Kd5 Nd2 61.Kd6 Nf3 62.Kd5 Nh2 63.Kd6 e4
64.Kd5 Nxg4 65.Nxg4+ Kf5 66.Nf2 Kf4 67.Nxe4 f5 68.Nc5 g4 69.Ne6+ Kf3 70.Nd4+  1/2-1/2

[Event "Djakovo op"]
[Site "Djakovo"]
[Date "1994.??.??"]
[Round "6"]
[White "Teofilovic, Vjeran"]
[Black "Vargic, Drago"]
[Result "1-0"]
[WhiteElo "2050"]
[BlackElo "2295"]

1.d4 e6 2.c4 Nf6 3.Nf3 c5 4.d5 exd5 5.cxd5 d6 6.Nc3 g6 7.e4 Bg7 8.h3 O-O
9.Bd3 Re8 10.O-O a6 11.a4 Nbd7 12.Bf4 c4 13.Bc2 Qb6 14.Qd2 Nc5 15.a5 Qc7
16.e5 dxe5 17.Bxe5 Qd8 18.Rfe1 b5 19.axb6 Qxb6 20.Na4 Nxa4 21.Bxa4 Rd8 22.d6 Bb7
23.d7 Ne4 24.Qd4 Qxd4 25.Bxd4 Bxd4 26.Nxd4 Nf6 27.Nc6 Rxd7 28.Ne7+ Kf8 29.Bxd7 Nxd7
30.Rad1 Nc5 31.Rd4 Nd3 32.Re2 Re8 33.Rxc4 Bxg2 34.Kxg2 Rxe7 35.Rc8+  1-0

[Event "Eger"]
[Site "Eger"]
[Date "1994.??.??"]
[Round "4"]
[White "Kiss, Pal"]
[Black "Krumpacnik, Domen"]
[Result "1-0"]
[WhiteElo "2445"]
[BlackElo "2405"]

1.d4 Nf6 2.c4 e6 3.Nf3 c5 4.d5 exd5 5.cxd5 d6 6.Nc3 g6 7.Bg5 Bg7 8.e3 O-O
9.Nd2 a6 10.a4 Nbd7 11.Be2 Re8 12.O-O Qc7 13.Bf4 Ne5 14.Bg3 Rb8 15.a5 Bh6
16.h3 Ned7 17.Nc4 Bf8 18.Na4 Ne5 19.Bxe5 dxe5 20.f3 e4 21.f4 Rd8 22.Nc3 Be6
23.Nb6 h5 24.Bc4 Bf5 25.Be2 Re8 26.g4 hxg4 27.hxg4 Bc8 28.g5 Nd7 29.Nca4 Nxb6
30.Nxb6 Bd7 31.Bc4 Qd6 32.Rf2 Bg7 33.Rh2 Bb5 34.b3 Bxc4 35.bxc4 Bxa1 36.Qxa1 Kf8
37.Nd7+ Ke7 38.Nxb8 Rxb8 39.Rh7 Rf8 40.Qe5+ Kd7 41.Qxe4 Kd8 42.Qe5 Qxe5 43.fxe5 Kc8
44.Kf2 Re8 45.Rxf7 Rxe5 46.Kf3 Rxg5 47.Kf4 Rh5 48.e4 g5+ 49.Kf5 Rh1 50.d6 Rf1+
51.Ke6 Rxf7 52.Kxf7 Kd7 53.e5  1-0

[Event "Oberliga Wuert9394"]
[Site "Germany"]
[Date "1994.??.??"]
[Round "?"]
[White "Fochtler, Ekkehard"]
[Black "Ostojic, Goran"]
[Result "1-0"]
[WhiteElo "2280"]
[BlackElo "2300"]

1.d4 Nf6 2.c4 c5 3.d5 e6 4.Nc3 exd5 5.cxd5 d6 6.Nf3 g6 7.g3 Bg7 8.Bg2 O-O
9.O-O a6 10.a4 Nbd7 11.Nd2 Rb8 12.Nc4 Ne8 13.a5 Ne5 14.Nb6 Nc7 15.Nxc8 Qxc8
16.Qb3 Qd7 17.h3 f5 18.f4 Nf7 19.e3 Nb5 20.Na4 g5 21.Bd2 Rbe8 22.Nb6 Qe7
23.Rae1 gxf4 24.exf4 Nd4 25.Qa4 Ne2+ 26.Kh2 Qf6 27.Rf2 Nxg3  1-0

[Event "Oberliga Ost B9394"]
[Site "Germany"]
[Date "1994.??.??"]
[Round "?"]
[White "Alber, Horst"]
[Black "Soos, Bela"]
[Result "1-0"]
[WhiteElo "2340"]
[BlackElo "2365"]

1.d4 Nf6 2.c4 e6 3.Nf3 c5 4.d5 exd5 5.cxd5 d6 6.Nc3 g6 7.e4 a6 8.Bf4 b5 9.e5 dxe5
10.Nxe5 Bg7 11.Be2 O-O 12.O-O b4 13.Na4 Nxd5 14.Bg3 Bxe5 15.Bxe5 Nc6 16.Bg3 Nd4
17.Nxc5 Nxe2+ 18.Qxe2 Re8 19.Qf3 Be6 20.Rad1 Qf6 21.Qe4 Rad8 22.Rfe1 Qf5
23.Qd4 Nf4 24.Qxd8 Rxd8 25.Rxd8+ Kg7 26.Nxe6+ Nxe6 27.Ra8 a5 28.h3 Qd5 29.Ra7 g5
30.b3 Kg6 31.Re5 Qd1+ 32.Kh2 h5 33.Rexa5 h4 34.Bb8 Qd2 35.Rb7 Qxf2 36.Rxb4 Nf4
37.Rxg5+ Kxg5 38.Bxf4+ Kg6 39.a4 Qc5 40.Rb5  1-0

[Event "Groningen op"]
[Site "Groningen"]
[Date "1994.??.??"]
[Round "9"]
[White "Pliester, Leon"]
[Black "Vehi Bach, Victor Manuel"]
[Result "0-1"]
[WhiteElo "2380"]
[BlackElo "2455"]

1.d4 Nf6 2.c4 e6 3.Nf3 c5 4.d5 d6 5.Nc3 exd5 6.cxd5 g6 7.Nd2 Nbd7 8.e4 Bg7
9.Be2 O-O 10.O-O a6 11.a4 Ne5 12.f4 Ned7 13.Nc4 Ne8 14.Be3 b6 15.Qd2 Rb8
16.e5 dxe5 17.f5 gxf5 18.Rxf5 b5 19.axb5 axb5 20.Na5 b4 21.Ne4 Ra8 22.Nb3 Rxa1+
23.Nxa1 Ndf6 24.Rxe5 Nxe4 25.Rxe4 Nf6 26.Rc4 Ba6 27.Rxc5 Ne4 28.Qc2 Nxc5
29.Bxc5 Bxe2 30.Bxf8 Bxf8 31.Qxe2 Qxd5 32.h3 Qd4+ 33.Kf1 Qf4+ 34.Ke1 Qc1+
35.Qd1 Qe3+ 36.Qe2 Qg1+ 37.Qf1 Qa7 38.Nb3 Qe3+  0-1

[Event "Haarlem AKN"]
[Site "Haarlem"]
[Date "1994.??.??"]
[Round "3"]
[White "Yewdokimov, Oleg"]
[Black "Lalic, Bogdan"]
[Result "1/2-1/2"]
[WhiteElo "2365"]
[BlackElo "2520"]

1.d4 Nf6 2.c4 e6 3.Nf3 c5 4.d5 d6 5.Nc3 exd5 6.cxd5 g6 7.Nd2 Bg7 8.Nc4 O-O
9.Bg5 h6 10.Bf4 b6 11.Bxd6 Re8 12.Bg3 Nh5 13.e3 Nxg3 14.hxg3 Nd7 15.Be2 Nf6
16.O-O Rb8 17.a4 h5 18.Bf3 g5 19.d6 Bd7 20.Nd5 g4 21.Ne7+ Rxe7 22.dxe7 Qxe7
23.Be2 Ne4 24.Qd5 h4 25.Bd3 Nf6 26.Qd6 Qxd6 27.Nxd6 hxg3 28.fxg3 Be6 29.Bf5 Bb3
30.e4 Rd8 31.e5 Nh5 32.Rae1 Nxg3 33.Rf4 Nxf5 34.Nxf5 Be6  1/2-1/2

[Event "Hamburg-ch"]
[Site "Hamburg"]
[Date "1994.??.??"]
[Round "7"]
[White "Nogly, Christoph"]
[Black "Pajeken, Wolfgang"]
[Result "1-0"]
[WhiteElo "2230"]
[BlackElo "2210"]

1.d4 Nf6 2.c4 c5 3.d5 e6 4.Nc3 exd5 5.cxd5 d6 6.Nf3 g6 7.g3 Bg7 8.Bg2 O-O
9.O-O a6 10.a4 Nbd7 11.Re1 Rb8 12.e4 b5 13.axb5 axb5 14.Bf1 Ng4 15.Nxb5 Nde5
16.h3 Nxf3+ 17.Qxf3 Ne5 18.Qe2 Rxb5 19.Qxb5 Nf3+ 20.Kh1 Nxe1 21.Qe2 Re8 22.Qxe1 f5
23.Ra8 Rxe4 24.Be3 Re8 25.b4 f4 26.Bb5 Rf8 27.Bxf4 cxb4 28.Ba6 Bc3 29.Qe3 Qd7
30.Bh6 Bg7 31.Bxg7 Kxg7 32.Ra7 Qxa7 33.Qxa7+ Rf7  1-0

[Event "Harkany op"]
[Site "Harkany"]
[Date "1994.??.??"]
[Round "8"]
[White "Wells, Peter K"]
[Black "Kovacevic, Slobodan"]
[Result "1-0"]
[WhiteElo "2490"]
[BlackElo "2380"]

1.d4 Nf6 2.c4 e6 3.Nf3 c5 4.d5 exd5 5.cxd5 d6 6.Nc3 g6 7.h3 a6 8.a4 Qe7 9.Bg5 Nbd7
10.Nd2 Bg7 11.e3 O-O 12.Be2 h6 13.Bh4 g5 14.Bg3 Ne8 15.h4 Ne5 16.hxg5 hxg5
17.Qc2 f5 18.a5 Rb8 19.Bxe5 Bxe5 20.Nc4 Bg7 21.Nb6 Nc7 22.g4 Bd7 23.Bd3 Nb5
24.Nxd7 Qxd7 25.Nxb5 axb5 26.Bxf5 Rxf5 27.gxf5 Rf8 28.e4 Re8 29.O-O-O Ra8
30.f4 gxf4 31.Qh2 Qe7 32.Rdg1 Rxa5 33.Qh8+  1-0

[Event "Havana op"]
[Site "Havana"]
[Date "1994.??.??"]
[Round "3"]
[White "Daneri, Martin"]
[Black "Garcia, Osmel"]
[Result "1/2-1/2"]
[WhiteElo "2255"]
[BlackElo "2365"]

1.d4 Nf6 2.Nf3 c5 3.d5 e6 4.c4 exd5 5.cxd5 d6 6.Nc3 g6 7.g3 Bg7 8.Bg2 O-O
9.O-O a6 10.a4 Re8 11.Nd2 Nbd7 12.a5 Rb8 13.Nc4 Ne5 14.Nb6 Nfd7 15.Nxc8 Qxc8
16.h3 b6 17.axb6 Rxb6 18.Qa4 Nb8 19.Qh4 Rb4 20.Ne4 Qd8 21.Bg5 Qb6 22.f4 Ned7
23.f5 f6 24.fxg6 hxg6 25.Bd2 Rxb2 26.Bc3 Rxe2 27.Qg4 c4+ 28.Kh1 Qe3  1/2-1/2

[Event "Havana op"]
[Site "Havana"]
[Date "1994.??.??"]
[Round "5"]
[White "Moreno, Alejandro"]
[Black "Pujols, Carlos"]
[Result "1-0"]
[WhiteElo "2310"]
[BlackElo "2250"]

1.d4 Nf6 2.c4 e6 3.Nf3 c5 4.d5 exd5 5.cxd5 d6 6.Nc3 g6 7.Nd2 Bg7 8.Nc4 O-O
9.Bf4 Ne8 10.g3 f5 11.Qd2 a6 12.a4 b6 13.Bg2 Ra7 14.O-O Re7 15.Rab1 Qc7 16.Rfc1 Nd7
17.b4 Ne5 18.Bxe5 Bxe5 19.bxc5 bxc5 20.Rb6 Qd7 21.e3 Rf6 22.Rb8 Qc7 23.Rcb1 Rf8
24.R1b6 Nf6 25.Ra8 Nd7 26.Rb3 Bg7 27.f4 Rfe8 28.Nd1 Nf6 29.Qa5 Qxa5 30.Nxa5 Bd7
31.Rxe8+ Nxe8 32.Nc6  1-0

[Event "HUN-chT 9394"]
[Site "?"]
[Date "1994.??.??"]
[Round "?"]
[White "Horvath, Csaba"]
[Black "Hardicsay, Peter"]
[Result "1/2-1/2"]
[WhiteElo "2535"]
[BlackElo "2360"]

1.Nf3 Nf6 2.d4 e6 3.c4 c5 4.d5 exd5 5.cxd5 d6 6.Nc3 g6 7.h3 Bg7 8.e4 O-O
9.Bd3 b5 10.Nxb5 Re8 11.O-O Nxe4 12.Re1 a6 13.Na3 Nf6 14.Rxe8+ Nxe8 15.Bg5 Qc7
16.Qa4 Nd7 17.Re1 Nef6 18.Qc6 Qb8 19.Nc4 Bb7 20.Qxd6 Bxd5 21.Qxb8+ Rxb8 22.Bf4 Ra8
23.Bd2 Rb8 24.b3 Bxf3 25.gxf3 Nd5 26.Kg2 Nf8 27.Ne5 Ne6 28.Bc4 Rd8 29.Nc6 Ndf4+
30.Bxf4 Nxf4+ 31.Kg3 Nh5+ 32.Kh2 Rd2 33.Re2 Rd1 34.Re7 Bf8 35.Rxf7 Bd6+ 36.Kg2 Kh8
37.f4 Nxf4+ 38.Kf3 Nxh3 39.Ke2 Ra1 40.a4 Ra2+ 41.Ke3 Bh2 42.f4 Rf2 43.a5 Bxf4+
44.Kd3 Rd2+ 45.Kc3 Rd6 46.Rc7 Ng5 47.Bxa6 Bd2+ 48.Kc4 Bxa5 49.Rc8+ Kg7 50.Kxc5 Ne4+
51.Kc4 Nd2+ 52.Kc5 Ne4+ 53.Kb5 Bd2 54.Rc7+ Kh6 55.Re7 Rd5+ 56.Kb6 Be3+ 57.Kc7 Bf4+
58.Kb6 Be3+ 59.Kb7 Nc5+ 60.Ka8 Bf2 61.Bc4 Rd7 62.Rxd7 Nxd7 63.Kb7 Nc5+ 64.Kc7  1/2-1/2

[Event "HUN-chT 9394"]
[Site "?"]
[Date "1994.??.??"]
[Round "?"]
[White "Szabolcsi, Janos"]
[Black "Lengyel, Bela"]
[Result "1-0"]
[WhiteElo "2385"]
[BlackElo "2345"]

1.d4 Nf6 2.c4 e6 3.Nf3 c5 4.d5 exd5 5.cxd5 d6 6.Nc3 a6 7.a4 g6 8.Bg5 Nbd7
9.e3 h6 10.Bh4 g5 11.Bg3 Nh5 12.Bd3 Nxg3 13.hxg3 Bg7 14.Qc2 Qc7 15.Nd2 Ne5
16.Bf5 c4 17.Ke2 Rb8 18.f4 gxf4 19.gxf4 Nd3 20.Bxd3 cxd3+ 21.Qxd3 Bg4+ 22.Kf2 O-O
23.Nf3 Rfe8 24.Rh4 f5 25.Rah1 Qb6 26.Nd1 Rbc8 27.b3 Qc5 28.Re1 Re4 29.Kg3 Qc2
30.Qxc2 Rxc2 31.Nf2 Bxf3 32.Kxf3 Rb4 33.g4 Rxb3 34.gxf5 Kf7 35.Ne4 Bf8 36.Rg4 Rh2
37.Rc1 Rh3+ 38.Rg3 Rxg3+ 39.Nxg3 Bg7 40.Rc7+ Kf8 41.Nh5 Bd4 42.f6 b5 43.axb5 axb5
44.Ke4 Bc5 45.Ng7  1-0

[Event "HUN-chT2 9394"]
[Site "?"]
[Date "1994.??.??"]
[Round "?"]
[White "Korpics, Zsolt"]
[Black "Kubacsny, Laszlo"]
[Result "1/2-1/2"]
[WhiteElo "2295"]
[BlackElo "2325"]

1.d4 Nf6 2.c4 c5 3.d5 e6 4.Nc3 exd5 5.cxd5 d6 6.Nf3 g6 7.g3 Bg7 8.Bg2 O-O
9.O-O a6 10.a4 Nbd7 11.Bf4 Qe7 12.h3 Rb8 13.e4 Ne8 14.Re1 b5 15.axb5 axb5
16.Qd2 b4 17.Nd1 b3 18.Ra7 Qd8 19.Qa5 Qxa5 20.Rxa5 h6 21.Bf1 g5 22.Bd2 Ne5
23.Nxe5 Bxe5 24.Bc3 Bxc3 25.Nxc3 Nf6 26.f3 Nd7 27.Rb5 Rxb5 28.Nxb5 Ne5 29.Kg2 Rd8
30.Ra1 f5 31.Ra3 fxe4 32.fxe4 c4 33.Nc3 Rf8 34.Be2 Bd7 35.Ra6 Rf6 36.Ra7 Rf7
37.Ra6 Rf6 38.Rb6 h5 39.Rb4 Kg7 40.Bxc4 Bxh3+ 41.Kxh3 Rf2 42.g4 h4 43.Nd1 Rd2
44.Ne3 Nf3 45.Ng2 Ng1+  1/2-1/2

[Event "HUN-chT2 9394"]
[Site "?"]
[Date "1994.??.??"]
[Round "?"]
[White "Balazs, Imre"]
[Black "Goczan, Laszlo"]
[Result "1/2-1/2"]
[WhiteElo "2200"]
[BlackElo "2200"]

1.d4 Nf6 2.Nf3 e6 3.c4 c5 4.d5 exd5 5.cxd5 d6 6.Nc3 g6 7.Bg5 Bg7 8.e4 O-O
9.Nd2 Re8 10.Be2 a6 11.a4 Nbd7 12.O-O h6 13.Bh4 g5 14.Bg3 Ne5 15.Qc2 Qe7
16.Rae1 Nfd7 17.f4 gxf4 18.Bxf4 Ng6 19.Bg3 Nde5 20.Kh1  1/2-1/2

[Event "JUG-chT"]
[Site "JUG"]
[Date "1994.??.??"]
[Round "1"]
[White "Jovicevic, Bozidar"]
[Black "Kovacevic, Aleksandar"]
[Result "1/2-1/2"]
[WhiteElo "2300"]
[BlackElo "2405"]

1.d4 c5 2.d5 Nf6 3.c4 e6 4.Nc3 exd5 5.cxd5 d6 6.Nf3 g6 7.g3 Bg7 8.Bg2 O-O
9.O-O a6 10.a4 Nbd7 11.Bf4 Qe7 12.h3 h6 13.e4 Nh7 14.Qc1 g5 15.Bd2 Rb8 16.Rb1 b5
17.axb5 axb5 18.b4 Ba6 19.Re1 Rfc8 20.Qa3 Ra8 21.Nd1 Nb6 22.Ne3 Qxe4 23.Nxg5 Qg6
24.Nxh7 Qxh7 25.bxc5 dxc5 26.Qa5 Nd7 27.d6 Bb7 28.Qxb5 Bxg2 29.Kxg2 Qe4+
30.f3 Qd4 31.Rbd1 Ra2 32.Nc4 Ne5 33.Nxe5 Rxd2+ 34.Rxd2 Qxd2+ 35.Re2 Qxd6
36.Nc4 Qb8 37.Qd7 Rd8 38.Qc6 Qc8 39.Qb5 Kh7 40.Qb1+ Kh8 41.Qb5 Bd4 42.Nd6 Qd7
43.Re8+ Kg7 44.Rxd8 Qxd8 45.Nf5+ Kh7 46.Qd3 Bf6 47.Nd6+ Kg8 48.Qd5 Qc7 49.Ne8 Qe5
50.Nxf6+ Qxf6 51.Qxc5 Qb2+ 52.Qf2 Qe5 53.Qd2 Qe6 54.h4 Qf6 55.Qb4 Qc6 56.Qg4+  1/2-1/2

[Event "JUG-ch sf"]
[Site "Kladovo"]
[Date "1994.??.??"]
[Round "?"]
[White "Sekulic, Dusan"]
[Black "Vratonjic, Slobodan"]
[Result "0-1"]
[WhiteElo "2340"]
[BlackElo "2405"]

1.d4 Nf6 2.c4 e6 3.Nf3 c5 4.d5 exd5 5.cxd5 d6 6.Nc3 g6 7.e4 a6 8.a4 Bg4 9.h3 Bxf3
10.Qxf3 Bg7 11.Be2 O-O 12.O-O Nbd7 13.Re1 Qc7 14.g4 h6 15.Qg3 Rfe8 16.Bf1 g5
17.h4 Nh7 18.hxg5 hxg5 19.Ra3 Be5 20.Qg2 Ndf8 21.Qh1 Ng6 22.Qh6 Qd7 23.f3 Qe7
24.Nd1 Qf6 25.Rb3 b5 26.axb5 axb5 27.Bxb5 Reb8 28.Kf2 Ra1 29.Be3 Bf4 30.Rh1 Nhf8
31.Bxf4 gxf4 32.Kg2 Rc1 33.Ba4 Rc2+ 34.Kh3 Rxb3 35.Bxb3 Rd2 36.Rh2 Rd3 37.Bc2 Rxf3+
38.Kg2 Rg3+ 39.Kh1 Qd4 40.Nf2 Qe3  0-1

[Event "JUG-ch sf"]
[Site "Kladovo"]
[Date "1994.??.??"]
[Round "?"]
[White "Tosic, Miroslav"]
[Black "Vratonjic, Slobodan"]
[Result "0-1"]
[WhiteElo "2445"]
[BlackElo "2405"]

1.d4 Nf6 2.Nf3 e6 3.c4 c5 4.d5 exd5 5.cxd5 d6 6.Nc3 g6 7.e4 a6 8.Bg5 h6 9.Bh4 b5
10.Nd2 Bg7 11.Bd3 O-O 12.O-O g5 13.Bg3 Qe7 14.Re1 Nbd7 15.Bf1 Ne5 16.a4 b4
17.Ncb1 Nfd7 18.a5 Rb8 19.Qc2 b3 20.Nxb3 f5 21.Bxe5 Nxe5 22.N1d2 f4 23.Nc4 Nxc4
24.Bxc4 Be5 25.Nxc5 Rxb2 26.Qd3 Qa7 27.Qa3 Qxc5 28.Qxc5 dxc5 29.Rab1 Rc2
30.Rec1 Rxc1+ 31.Rxc1 Kg7 32.Rb1 Rf6 33.f3 Kf8 34.Kf1 Ke7 35.Ke2 Kd8 36.Kd3 Kc7
37.Bb3 Bd7 38.Bc4 h5 39.h3 Rg6 40.Kc2 g4 41.hxg4 hxg4 42.Kd3 gxf3 43.gxf3 Rg3
44.Bxa6 Rxf3+ 45.Kd2 Ra3 46.Rb7+ Kd8 47.Bb5 Ra2+ 48.Kd3 Bh3 49.Kc4 Bf1+ 50.Kxc5 Rxa5
51.Rd7+ Ke8  0-1

[Event "Kstovo op"]
[Site "Kstovo"]
[Date "1994.??.??"]
[Round "8"]
[White "Skomorokhin, Vadim"]
[Black "Romanov, Oleg"]
[Result "1-0"]
[WhiteElo "2375"]
[BlackElo "2270"]

1.d4 Nf6 2.c4 c5 3.d5 e6 4.Nc3 exd5 5.cxd5 d6 6.Nf3 g6 7.Nd2 Nbd7 8.e4 Bg7
9.Be2 O-O 10.O-O Re8 11.f4 a6 12.a4 h5 13.Bf3 b5 14.axb5 Nb6 15.h3 a5 16.Nb3 a4
17.Nd2 Ng4 18.Bxg4 hxg4 19.Ra3 f5 20.g3 gxh3 21.Kh2 fxe4 22.Ndxe4 Ra7 23.Ng5 Rae7
24.g4 Bxc3 25.Rxc3 Re2+ 26.Kxh3 Qf6 27.Kg3 a3 28.Rxa3 Nc4 29.Ne6 R8xe6 30.dxe6 Qxe6
31.f5 Qe4 32.Raf3 gxf5 33.gxf5 Bxf5 34.Bf4 Bg4 35.Qxe2 Qxe2 36.Kxg4 Ne5+
37.Bxe5 dxe5 38.Kf5 Kf7 39.b6 Qxb2 40.Ke4+ Ke6 41.Rf6+ Kd7 42.Rf7+ Kc6 43.R1f6+ Kb5
44.b7 Kc4 45.Rd6 Qg2+ 46.Kxe5 Qe2+ 47.Kf6 Qf3+ 48.Kg7 Qg3+ 49.Rg6 Qe5+ 50.Rgf6 Kc3
51.Kh7 c4 52.Rf5 Qh2+ 53.Kg6 Qd6+ 54.R5f6 Qg3+ 55.Kf5 Kc2 56.Rc6 Qf3+ 57.Ke5 Qg3+
58.Kd4 c3 59.Rfc7 Qf2+ 60.Kc4 Qa7 61.Kb5 Kd3 62.Rxc3+ Kd4 63.R3c5 Ke4 64.Re7+ Kd4
65.Rd7+ Ke4 66.Rc8  1-0

[Event "Linares op"]
[Site "Linares"]
[Date "1994.??.??"]
[Round "6"]
[White "Rodriguez Vargas, Orestes"]
[Black "Suba, Mihai"]
[Result "0-1"]
[WhiteElo "2440"]
[BlackElo "2525"]

1.d4 Nf6 2.c4 e6 3.Nf3 c5 4.d5 d6 5.Nc3 exd5 6.cxd5 g6 7.h3 a6 8.a4 Qe7 9.Bg5 h6
10.Bh4 Nbd7 11.e3 Bg7 12.Be2 O-O 13.O-O g5 14.Bg3 Ne8 15.e4 Rb8 16.Qc2 Nc7
17.a5 b5 18.axb6 Rxb6 19.Ra5 Re8 20.Nd2 Ne5 21.f4 gxf4 22.Bxf4 Rb4 23.Nf3 Bd7
24.Qc1 Reb8 25.Ra2 Nb5 26.Bxb5 Bxb5 27.Nxb5 Nd3 28.Bxd6 Nxc1 29.Bxe7 Nxa2
30.Nc7 Rxe4 31.Nxa6 Rb6 32.d6 Rxa6 33.d7 Ra8 34.d8=Q+ Rxd8 35.Bxd8 Re2 36.b3 Rc2
37.Rf2 Rc1+ 38.Kh2 Nb4 39.Re2 Rc3 40.Re8+ Kh7 41.Bb6 Nd3 42.Re7 Rxb3 43.Ba7 Kg6
44.Nh4+ Kf6 45.Re3 Bf8  0-1

[Event "Litomysl op"]
[Site "Litomysl"]
[Date "1994.??.??"]
[Round "?"]
[White "Kachur, Alexander"]
[Black "Buturin, Vladimir"]
[Result "1/2-1/2"]
[WhiteElo "2290"]
[BlackElo "2400"]

1.d4 Nf6 2.c4 e6 3.Nf3 c5 4.d5 d6 5.Nc3 exd5 6.cxd5 g6 7.h3 Bg7 8.e4 O-O
9.Bd3 b5 10.Bxb5 Nxe4 11.Nxe4 Qa5+ 12.Nfd2 Qxb5 13.Nxd6 Qd3 14.N2c4 Qxd1+
15.Kxd1 Ba6 16.Bg5 Nd7 17.Re1 Nf6 18.Bxf6 Bxf6 19.Kc2 Rfd8 20.Rad1 Rab8 21.b3 Kf8
22.Rd2 Bd4  1/2-1/2

[Event "SWZ-ch op"]
[Site "Luzern"]
[Date "1994.??.??"]
[Round "?"]
[White "Allen, Andrew"]
[Black "Schweizer, Robert"]
[Result "1-0"]
[WhiteElo "2275"]
[BlackElo "1930"]

1.d4 Nf6 2.c4 e6 3.Nc3 c5 4.d5 exd5 5.cxd5 d6 6.Nf3 g6 7.h3 Bg7 8.e4 O-O
9.Bd3 a6 10.a4 Qc7 11.O-O Re8 12.Re1 Nbd7 13.Bf4 Ne5 14.Nxe5 dxe5 15.Be3 Nh5
16.Bf1 Nf4 17.Kh2 Bd7 18.g3 Nh5 19.a5 b5 20.d6 Qc6 21.Nd5 c4 22.Ne7+ Rxe7
23.dxe7 Re8 24.Qd2 Rxe7 25.Rad1 f5 26.Qd6 Qxd6 27.Rxd6 f4 28.Bc5 fxg3+ 29.fxg3 Be8
30.Rxa6 Rd7 31.Rd6 Rc7 32.Bb6 Rc8 33.a6 b4  1-0

[Event "Mar del Plata op"]
[Site "Mar del Plata"]
[Date "1994.??.??"]
[Round "2"]
[White "Rodriguez, Al"]
[Black "Vasta, Eduardo"]
[Result "0-1"]
[WhiteElo "2330"]
[BlackElo "2400"]

1.d4 Nf6 2.c4 e6 3.Nf3 c5 4.d5 exd5 5.cxd5 d6 6.Nc3 g6 7.g3 Bg7 8.Bg2 O-O
9.O-O a6 10.a4 Nbd7 11.Qc2 Re8 12.Nd2 Qe7 13.Nc4 Ne5 14.Nxe5 Qxe5 15.Bf4 Qe7
16.Rfe1 Bd7 17.Rab1 b5 18.axb5 axb5 19.b4 Rec8 20.Bd2 Ng4 21.Qb3 cxb4 22.Qxb4 Rc4
23.Qb3 Rd4 24.Bc1 b4 25.Na2 Ba4 26.Qf3 Rb8 27.Bb2 Rc4 28.Bxg7 Kxg7 29.Nxb4  0-1

[Event "Wch U20 Girls"]
[Site "Matinhos"]
[Date "1994.??.??"]
[Round "?"]
[White "Kadimova, Ilaha"]
[Black "Peptan, Corina"]
[Result "1-0"]
[WhiteElo "2335"]
[BlackElo "2265"]

1.d4 Nf6 2.c4 e6 3.Nf3 c5 4.d5 exd5 5.cxd5 d6 6.Nc3 g6 7.Bf4 Bg7 8.Qa4+ Bd7
9.Qb3 Qc7 10.e4 O-O 11.Nd2 Nh5 12.Be3 f5 13.exf5 gxf5 14.Be2 Be8 15.Nf3 h6
16.O-O a6 17.a4 Nd7 18.Rfe1 Rb8 19.Bd3 Qd8 20.a5 Kh8 21.Bd2 Ne5 22.Nxe5 Bxe5
23.Qc4 Qf6 24.Kh1 Rg8 25.h3 Bd7 26.Be2 Qg6 27.Bf3 f4 28.Nd1 Bf5 29.Bc3 Bd3
30.Bxe5+ dxe5 31.Qc3 Nf6 32.Qxe5 Rbe8 33.Qc3 Rxe1+ 34.Qxe1 Re8 35.Qd2 Qf5
36.Nc3 Ne4 37.Nxe4 Bxe4 38.Re1 Kh7 39.Kh2 Qg6 40.Bxe4 Rxe4 41.Rxe4 Qxe4 42.d6 f3
43.d7  1-0

[Event "Melbourne"]
[Site "Melbourne"]
[Date "1994.??.??"]
[Round "2"]
[White "Lukey, Stephen G"]
[Black "Sandler, Leonid"]
[Result "0-1"]
[WhiteElo "2285"]
[BlackElo "2315"]

1.d4 Nf6 2.c4 e6 3.Nf3 c5 4.d5 exd5 5.cxd5 d6 6.Nc3 g6 7.e4 Bg7 8.h3 O-O
9.Bd3 Re8 10.O-O c4 11.Bxc4 Nxe4 12.Nxe4 Rxe4 13.Bg5 Qf8 14.Bd3 Re8 15.Re1 h6
16.Rxe8 Qxe8 17.Bf4 Qd8 18.Qd2 g5 19.Bg3 Na6 20.Re1 f5 21.Qc2 f4 22.Bh7+ Kh8
23.Bh2 Bd7 24.h4 Qf6 25.hxg5 hxg5 26.Qg6 Qxg6 27.Bxg6 Bf6 28.Nd2 Kg7 29.Bd3 Nc5
30.Bf1 Re8 31.Rxe8 Bxe8 32.b3 Bf7 33.g3 Be5 34.gxf4 gxf4 35.Bg2 Nd3 36.Be4 Nb4
37.Nc4 Bxd5 38.Bxd5 Nxd5 39.Kg2 Kf6 40.Kf3 Kf5 41.a4 b6 42.Nd2 Nc3 43.Kg2 Ne4
44.Nc4 Nc5 45.Nd2 d5 46.Kf3 Ne4 47.Nf1 a6 48.Ke2 Nc5 49.f3 Bd4 50.Nd2 Bc3
51.Nf1 d4 52.Nd2 Bxd2 53.Kxd2 Nxb3+ 54.Kd3 Ke5 55.Bg1 Kd5  0-1

[Event "Fide Mercenarios 1st"]
[Site "MEX"]
[Date "1994.??.??"]
[Round "4"]
[White "Selvas, Silverio"]
[Black "Anaya, Javier"]
[Result "0-1"]
[WhiteElo "2000"]
[BlackElo "2000"]

1.d4 Nf6 2.c4 e6 3.Nf3 c5 4.d5 exd5 5.cxd5 d6 6.Nc3 Bf5 7.Qa4+ Bd7 8.Qb3 Qb6
9.Qxb6 axb6 10.e4 Na6 11.Bg5 Nb4 12.Kd2 Ng4 13.Bh4 f6 14.Bg3 g6 15.Bb5 Bh6+
16.Ke2 Ne5 17.Bxe5 fxe5 18.a3 Nc2 19.Rad1 O-O-O 20.Kd3 Nd4 21.Nxd4 exd4 22.Bxd7+ Kxd7
23.Nb5 Rhf8 24.f3 Be3 25.Rhe1 Bf4 26.g3 Bxg3 27.hxg3 Rxf3+ 28.Kc4 Ra8 29.b3 Rxa3
30.Rb1 Ra2 31.Rec1 Rxg3 32.b4 Rgg2 33.bxc5 bxc5 34.Nxd4 Ra4+ 35.Kb5 Rxd4
36.Rf1 Ke7 37.e5 dxe5 38.Kxc5 Rc2+ 39.Kb6 Rxd5 40.Kxb7 Rd7+ 41.Kb6 Rd6+ 42.Ka5 Rc7
43.Rb8 Rf6 44.Rd1 Rfc6 45.Re1 Rc5+ 46.Kb6 R7c6+ 47.Kb7 Re6 48.Rh8 h5 49.Rf1 e4
50.Rhf8 Kd6  0-1

[Event "Moscow ol (Men)"]
[Site "Moscow"]
[Date "1994.??.??"]
[Round "2"]
[White "San Segundo, Pablo"]
[Black "Soylu, Suat"]
[Result "1-0"]
[WhiteElo "2485"]
[BlackElo "2375"]

1.d4 Nf6 2.c4 e6 3.Nf3 c5 4.d5 exd5 5.cxd5 d6 6.Nc3 g6 7.h3 Bg7 8.e4 O-O
9.Bd3 b5 10.Nxb5 Re8 11.O-O Nxe4 12.Bxe4 Rxe4 13.Re1 Rxe1+ 14.Qxe1 Nd7 15.Bf4 Nf6
16.Rd1 Bb7 17.Nxd6 Bxd5 18.Qe2 Qb6 19.b3 Qc6 20.Rd3 Bf8 21.Qe5 Nh5 22.Qxd5 Qxd5
23.Rxd5 Nxf4 24.Rd2 a5 25.Nc4 Bg7 26.g3 Ne6 27.a4 Nd4 28.Nxd4 Bxd4 29.Kf1 Kf8
30.Ke2 Rb8 31.Rd3 Ra8 32.Rd2 Rb8 33.Rd3 Ra8 34.Nd6 Ke7 35.Nb5 Rd8 36.f4 Ke6
37.Na3 Ra8 38.Nc4  1-0

[Event "Moscow ol (Women)"]
[Site "Moscow"]
[Date "1994.??.??"]
[Round "4"]
[White "Petraki, Maria"]
[Black "Saljova, Silvie"]
[Result "1-0"]
[WhiteElo "2130"]
[BlackElo "2250"]

1.d4 Nf6 2.c4 e6 3.Nf3 c5 4.d5 exd5 5.cxd5 d6 6.Nc3 g6 7.Bf4 Bg7 8.Qa4+ Bd7
9.Qb3 Qc7 10.e4 O-O 11.Be2 Nh5 12.Be3 Na6 13.Nd2 Nf6 14.O-O Rfe8 15.Bf4 Rab8
16.Nc4 Rf8 17.e5 dxe5 18.Bg5 b5 19.Bxf6 bxc4 20.Qxc4 Rxb2 21.Qxa6 Rb6 22.Qa5 c4
23.d6 Qxd6 24.Bg5 Bc6 25.Rad1 Qb8 26.Nd5 Rb5 27.Nf6+ Kh8 28.Qc3 Rc8 29.Qh3 h5
30.Nxh5  1-0

[Event "Moscow ol (Men)"]
[Site "Moscow"]
[Date "1994.??.??"]
[Round "12"]
[White "Sunthornpongsathorn, Veeraphol"]
[Black "Gonzalez, Bernal M"]
[Result "0-1"]
[WhiteElo "2325"]
[BlackElo "2375"]

1.d4 c5 2.d5 d6 3.c4 e6 4.Nc3 exd5 5.cxd5 Nf6 6.Nf3 g6 7.e4 Bg7 8.Be2 O-O
9.O-O Re8 10.Nd2 a6 11.a4 Nbd7 12.f4 Rb8 13.a5 Qc7 14.Bf3 c4 15.Kh1 b5 16.axb6 Rxb6
17.Ra4 Nc5 18.Rxc4 a5 19.e5 Nfd7 20.exd6 Qxd6 21.Nde4 Qf8 22.Na4 Nxa4 23.Rxa4 Nc5
24.Nxc5 Qxc5 25.Re1 Bd7 26.Rxe8+ Bxe8 27.Re4 Qc8 28.b3 a4 29.b4 Bd7 30.Be2 Qc3
31.Rc4 Qb3 32.Rc7 Rd6 33.Rc5 Qxb4 34.Rc4 Qa5 35.Ba3 Rxd5 36.Qb1 h5 37.h3 Kh7
38.Bf3 Rd4 39.Rc5 Bf5 40.Qc1 Qd2 41.Qxd2 Rxd2 42.Bd5 Rd3 43.Bc1 Bc3 44.Bxf7 Be4  0-1